00665 2200217 4500001002100000005001500021035002000036007000300056008004100059020002200100082001200122084001800134100002900152245009300181250000600274260003300280300004700313700002800360650004200388990001700430INLIS00000000000137120260520105557 a0010-1123000002ta260520 j 0 ind  a978-602-8798-28-0 a297.246 a297.246 BAY t0 aBayu Indie ( Pengarang )1 aThe Great Prophent :bNabi Musa A.S & Nabi Harun A.S /cBayu indie; editor, Anna Fauziah a- aJakarta :bPustaka Lebah,c- a39 :bilus. ;gambar berwarna ;c28.5 cme-0 aAnna Fauziah ( Editor ) 4aIslam - Sejarah - Zaman Nabi Muhammad a00062/K/2012